Name The European City - Satellite Imagery - Statistics

General Stats
  • This quiz has been taken 38 times
  • The average score is 11 of 20
Answer Stats
Picture Answer % Correct
Stockholm
83%
Amsterdam
79%
Barcelona
79%
Lisbon
79%
Oslo
79%
Rome
75%
Athens
67%
Dublin
67%
St Petersburg
67%
Vienna
54%
Hamburg
50%
Warsaw
50%
Munich
46%
Reykjavik
42%
Zurich
42%
Belgrade
38%
Kyiv
38%
Belfast
33%
Glasgow
33%
Nice
33%
No matching quizzes found
Score Distribution
Percent of People with Each Score
Percentile by Number Answered
Your Score History
You have not taken this quiz